00590 2200193 4500001002100000008004100021035002000062245010500082100001800187700002300205700002100228260004200249300002600291020002200317084001700339082001100356650001700367990001200384INLIS000000000015893 Ind  a0010-0323000341 aI Love BugscSteve Parker; pengalih bahasa, Safran Yusri; editor, Dinda Mustikasari, Deesis Edith M. aPARKER, Steve aDINDA, Mustikasari aDEESIS, Edith M. aJakarta :bBhuana Ilmu Populer,c2019 a24 hal.: ilus.c24 cm a978-623-216-426-0 a595.78 PAR i a595.78 aINVERTEBRATA a10745 a